000 00781caa a22002057a 4500
999 _c458306
_d458306
001 5147479
003 UA-OsUOA
005 20200224110557.0
008 200224b un ||||| |||| 00| 0 ukr d
040 _aUA-OsUOA
_bukr
_cUA-OsUOA
_dUA-OsUOA
041 _aukr
080 _a908
090 _a908
100 _aСкавронський П.
245 _aБої за визволення Острога
_cО. Скавронський, М. Бедь
650 _2UDC
700 1 _aБедь М.
773 0 _0327740
_9350313
_dОстрог НаУОА 2006
_o99148
_tІсторія музейництва, пам'яткоохоронної справи, краєзнавства і туризму в м. Острозі та на Волині
_w(UA-OsUOA) 41599
942 _2udc
_cBKA